| Tag |
First Indicator |
Second Indicator |
Subfields |
| LEADER |
00000cam a2200000 a 4500 |
| 001 |
in00000569310 |
| 005 |
20151014062822.0 |
| 008 |
860905s1986 wiua b s00110 eng |
| 010 |
|
|
|a 86622259
|
| 020 |
|
|
|a 0936287004 (pbk.) :
|c $8.00
|
| 035 |
|
|
|a (OCoLC)13755228
|
| 035 |
|
|
|9 ACN2647AM
|
| 040 |
|
|
|a DLC
|c DLC
|d m/c
|d TXA
|d UtOrBLW
|
| 043 |
|
|
|a nl-----
|
| 049 |
|
|
|a TXAT
|
| 090 |
|
|
|a GC57.2
|b .W5 no. 85-242
|
| 100 |
1 |
|
|a Heilmann, Ronald L.
|
| 245 |
1 |
0 |
|a Great Lakes transportation in the eighties /
|c Ronald L. Heilmann, Harold M. Mayer, Eric Schenker, with the collaboration of Patricia F. Rieselbach.
|
| 264 |
|
1 |
|a Madison, WI :
|b University of Wisconsin Sea Grant Institute,
|c [1986]
|
| 264 |
|
4 |
|c ©1986
|
| 300 |
|
|
|a 100 pages :
|b illustrations ;
|c 26 cm.
|
| 336 |
|
|
|a text
|b txt
|2 rdacontent
|
| 337 |
|
|
|a unmediated
|b n
|2 rdamedia
|
| 338 |
|
|
|a volume
|b nc
|2 rdacarrier
|
| 490 |
1 |
|
|a Sea grant technical report ;
|v no.
|a WIS-SG-85-242
|
| 500 |
|
|
|a Includes index.
|
| 504 |
|
|
|a Bibliography: pages [95]-98.
|
| 650 |
|
0 |
|a Shipping
|z Great Lakes (North America)
|
| 651 |
|
0 |
|a Great Lakes Region (North America)
|x Economic conditions.
|
| 700 |
1 |
|
|a Mayer, Harold M.
|q (Harold Melvin),
|d 1916-1994.
|
| 700 |
1 |
|
|a Schenker, Eric,
|d 1931-
|
| 830 |
|
0 |
|a Sea grant technical report (University of Wisconsin--Madison. Sea Grant College Program) ;
|v WIS-SG-85-242.
|
| 999 |
|
|
|a MARS
|
| 999 |
f |
f |
|s 75096ad7-3906-3c1c-a9de-1a6ac74d3ed7
|i 47b4320e-f0ae-3ff7-bf2d-8b994fa6873e
|t 0
|
| 952 |
f |
f |
|p ric
|a Texas A&M University
|b Rellis Campus
|c Joint Library Facility
|d Remote Storage
|t 0
|e GC57.2 .W5 no. 85-242
|h Library of Congress classification
|i unmediated -- volume
|m A14809982010
|
| 998 |
f |
f |
|a GC57.2 .W5 no. 85-242
|t 0
|l Remote Storage
|